UBT Library

Microbiology Principles & Applications (Record no. 52740)

000 -LEADER
fixed length control field 00313nam a22001337a 4500
008 - FIXED-LENGTH DATA ELEMENTS--GENERAL INFORMATION
fixed length control field 181203b xxu||||| |||| 00| 0 eng d
020 ## - INTERNATIONAL STANDARD BOOK NUMBER
International Standard Book Number 9780131907454
041 ## - LANGUAGE CODE
Language code of text/sound track or separate title eng
080 ## - UNIVERSAL DECIMAL CLASSIFICATION NUMBER
Edition identifier 3rd
Universal Decimal Classification number 579
100 ## - Rafti
Rafti 11
101 ## - Shkurtesa
Shkurtesa MIK
245 ## - TITLE STATEMENT
Title Microbiology Principles & Applications
Statement of responsibility, etc Black,J.G
942 ## - ADDED ENTRY ELEMENTS (KOHA)
Source of classification or shelving scheme
Item type Books
Holdings
Withdrawn status Lost status Source of classification or shelving scheme Damaged status Not for loan Collection code Permanent location Current location Shelving location Date acquired Total Checkouts Full call number Barcode Date last seen Price effective from Koha item type
          Koleksioni i përgjithshem UBT - Lipjan UBT - Lipjan Koleksioni i përgjithshem 12/03/2018   579 BLA 002-3011899 12/03/2018 12/03/2018 Books
UBT Library © 2015-2024. All rights reserved University Education for Business and Technology